[Event "NBSB-chB"]
[Site "Roosendaal"]
[Date "2009.08.29"]
[Round "3"]
[White "Leentjens, Gilbert"]
[Black "Van Weersel, Henk"]
[Result "1-0"]
[WhiteElo "1832"]
[BlackElo "1658"]
[PlyCount "69"]
[EventDate "2009.08.28"]
[EventType "swiss (rapid)"]
[EventRounds "6"]
[EventCountry "NED"]
[SourceTitle "CBM 132 Extra"]
[Source "ChessBase"]
[SourceDate "2009.11.03"]
[SourceVersion "1"]
[SourceVersionDate "2009.11.03"]
[SourceQuality "1"]

1. e4 e5 2. Nc3 Nf6 3. f4 d5 4. fxe5 Nxe4 5. Nf3 Be7 6. Qe2 Ng5 7. d4 c6 8. Bf4 Ne6 9. Be3 b5 10. Qf2 Nd7 11. Bd3 0-0 12. Qg3 f5 13. Qh3 Ng5 14. Bxg5 Bxg5 15. Bxf5 h6 16. 0-0 Be7 17. Rad1 b4 18. Ne2 c5 19. Kh1 Nb6 20. Bxc8 Qxc8 21. Qxc8 Raxc8 22. c3 a5 23. h3 Nc4 24. Rb1 a4 25. dxc5 Bxc5 26. cxb4 Bxb4 27. a3 Be7 28. Nc3 d4 29. Nxa4 d3 30. Rfd1 Rfd8 31. Rbc1 Ne3 32. Rxc8 Rxc8 33. Rxd3 Rc1+ 34. Kh2 Nf1+ 35. Kg1 1-0